000 01451cam a22003374a 4500
001 12842236
003 NUST-PNEC
005 20170116180706.0
008 020703s2002 nyua b 001 0 eng
010 _a 2002029365
020 _a0071363726
040 _aDLC
_cPNEC
042 _apcc
050 0 0 _aTA357
_b.F525 2002
082 0 0 _a620.106 SAL
_221
100 _9353
_aSaleh, Jamal M.
245 0 0 _aFluid flow handbook /
_cJamal M. Saleh, editor.
260 _aNew York :
_bMcGraw-Hill,
_c2002.
300 _a1 v. (various pagings) :
_bill. ;
_c24 cm.
440 0 _aMcGraw-Hill handbooks
500 _aIncludes Index http://www.amazon.com/Fluid-Flow-Handbook-Jamal-Saleh/dp/0071363726/ref=sr_1_1?s=books&ie=UTF8&qid=1411551420&sr=1-1&keywords=0071363726
504 _aIncludes bibliographical references and index.
650 0 _aFluid dynamic
_vHandbooks, manuals, etc.
_xME
700 1 _aSaleh, Jamal M.
_q(Jamal Mohammed),
_d1962-
856 4 2 _3Contributor biographical information
_uhttp://www.loc.gov/catdir/bios/mh041/2002029365.html
856 4 2 _3Publisher description
_uhttp://www.loc.gov/catdir/description/mh024/2002029365.html
856 4 1 _3Table of contents
_uhttp://www.loc.gov/catdir/toc/mh023/2002029365.html
906 _a7
_bcbc
_corignew
_d1
_eocip
_f20
_gy-gencatlg
942 _2ddc
_cBK
999 _c60736
_d60736